| 000 | 02610 a2200253 4500 | ||
|---|---|---|---|
| 001 | 26771 | ||
| 005 | 20260407155545.0 | ||
| 008 | 260407a1996 arg spa d | ||
| 003 | AR-UNSa-BCEJYS | ||
| 040 |
_aAR-UNSa-BCEJYS _bspa _cAR-UNSa-BCEJYS |
||
| 080 |
_a658.8 _xOrganización de mercados. Marketing. Ventas. Distribución |
||
| 245 | 1 | 0 | _aMercadotecnia |
| 020 | _a968-880-590-4 | ||
| 250 | _a6a. ed | ||
| 264 | 1 |
_aMéxico : _bPrentice-Hall Hispanoamericana _c1996 |
|
| 300 |
_axxi, 822 p. _c25 cm. |
||
| 505 | _aParte I: La mercadotecnia y el proceso de mercadotecnia: 1. La mercadotecnia en un mundo cambiante: satisactor de necesidades humanas - 2. La planeación estratégica y el proceso de mercadotecnia -3. Ambiente de la mercadotecnia - Parte II: Análisis de oportunidades mercadotécnicas: 4. Investigación de mercados y sistemas de información - 5. Mercados de consumo:Influencias en el comportamiento de los consumidores - 6. Mercados de consumo: Los procesos de decisión de los compradores - 7. Los mercados de las empresas y el comportamiento de las empresas compradoras - Parte III: Cómo seleccionar los mercados meta: 8.Como medir y pronosticar la demanda - 9. Segmentación de mercados, mercados meta y el posicionamiento para la ventaja competitiva - Parte IV: Cómo elaborar la mezcla de mercadotecnia: 10. El diseño de productos: productos, marcas, empaques y servicios - 11. El diseño de productos nuevos: estrategias de desarrollo y ciclo de vida - 13. Fijación de precios de los productos: consideraciones y enfoques - 14. Colocación de productos: canales de distribución y distribución fisica - 15. Colocación de productos: comercio detallista y minorista - 16. Promoción de productos: la estrategias de comunicación y promoción - 17. La promoción de productos: publicidad, promoción de ventas y relaciones públicas - 18. La promoción de productos: venta personales y administración de ventas - Parte V: Administración de las actividades mercadotécnicas: 19.Cómo satisfacer a los clientes con calidad, valor y servicio - 20. Cómo lograr una ventaja competitiva: ventas personales y administración de ventas - Parte VI: La mercadotecnia ampliada: 21. El mercado mundial - 22. Servicios, organizaciones, personas, lugares e ideas de la mercadotecnia - 23. Mercadotecnia y sociedad: responsabilidad social y ética en la mercadotecnia - Apéndice. | ||
| 942 | _cBK | ||
| 590 | _aniveau_biblio:m niveau_hierar:0 | ||
| 100 | 1 | _aKotler, Philip | |
| 700 | 1 | _aMascaró Sacristán, Pilar | |
| 700 | 1 | _aArmstrong, Gary | |
| 700 | 1 | _aBenassini Félix, Marcela | |
| 999 |
_c1496 _d1496 |
||